000 00917cam a22002777a 4500
003 CHAP
005 20220329142325.0
008 000626d1992 mx a r 00110 spa d
010 _a81727
011 _a82699
020 _a9686127739
035 _a93200
040 _cCHAP
090 _aFolleto 15877
100 0 0 _aBuckles, Daniel.
_915906
245 1 0 _aTierra cobarde se vuelve valiente : uso y difusión del frijol de abono (Mucuna deeringianum) en las laderas del litoral atlántico de Honduras
_c/por Daniel Buckles
260 _aMéxico, D. F. :
_bCentro Internacional de Maíz y Trigo,
_c1992.
300 _a35 p. :
_bilus.
590 _aBATCH-UPD
_b10
_c20130110
_lUCH01
_h0154
590 _aCONVERSION
_b10
_c20130109
_lUCH01
_h1345
650 _aMucuna deeringianum
_979259
901 _aBK
905 _aLilia Sánchez G.
942 _cFOLL
949 _aFolleto 15877
_bBC
_cFOLL
_d932001
_eTS1
_i93200
_sb
999 _c81727
_d81727